00528nam a2200145Ia 4500008004100000100002200041245012200063245004700185260003900232260000900271300001100280650001800291650001500309856005800324170221s9999 xx 000 0 und d aNorman C. H. Wong aBinge Drinking and TMT: Evaluating Responses to Anti-Binge Drinking PSAs from a Terror Management Theory Perspective  cNorman C. H. Wong, Stephanie Schartel Dunn bStudies in Media and Communication c2013 a33 : 5 xCommunication xMedia Arts uhttp://redfame.com/journal/index.php/smc/issue/view/8